000 00578nam a2200181Ia 4500
008 090124s9999 xx 000 0 und d
082 _b20544
100 _aआपटे हरि नारायण
245 _a स्फुट गोष्टी भाग 4
250 _a4
260 _c1967
300 _a158
600 _aआपटे हरि नारायण
630 _a स्फुट गोष्टी भाग 4
700 _aआपटे हरि नारायण
730 _a स्फुट गोष्टी भाग 4
942 _cBOOK
999 _c134349
_d134349